ՀՀ Գիտությունների ազգային ակադեմիայի հիմնարար գիտական գրադարան  =   Fundamental Scientific Library of NAS RA

Օթելլո : (Record no. 454605)

MARC details
000 -LEADER
fixed length control field 01204nam a2200265 a 4500
003 - CONTROL NUMBER IDENTIFIER
control field AM-YEHGA
005 - DATE AND TIME OF LATEST TRANSACTION
control field 20250618075333.0
008 - FIXED-LENGTH DATA ELEMENTS--GENERAL INFORMATION
fixed length control field 981126s2018 ai |||||||||||||||1|arm|d
020 ## - INTERNATIONAL STANDARD BOOK NUMBER
International Standard Book Number 9789939686097
040 ## - CATALOGING SOURCE
Original cataloging agency AM-YeHGA
041 1# - LANGUAGE CODE
Language code of text/sound track or separate title arm
Language code of original eng
090 ## - LOCALLY ASSIGNED LC-TYPE CALL NUMBER (OCLC); LOCAL CALL NUMBER (RLIN)
-- 457599
100 1# - MAIN ENTRY--PERSONAL NAME
Personal name Շեքսպիր, Ուիլյամ,
Dates associated with a name 1564-1616
9 (RLIN) 4634
245 10 - TITLE STATEMENT
Title Օթելլո :
Remainder of title [Ողբերգություն] = Othello /
Statement of responsibility, etc. Վ. Շեքսպիր ; Թարգմ., առաջաբ. և ծանոթագր.՝ Ա. Թոփչյան ; Խմբ.՝ Գ. Մուրադյան ; Գրախոս.՝ Հ. Էդոյան.
246 15 - VARYING FORM OF TITLE
Title proper/short title Othello
260 ## - PUBLICATION, DISTRIBUTION, ETC.
Place of publication, distribution, etc. Երևան :
Name of publisher, distributor, etc. Զանգակ ,
Date of publication, distribution, etc. 2018.
300 ## - PHYSICAL DESCRIPTION
Extent 279 էջ :
Other physical details նկ. ;
Dimensions 22 սմ.
500 ## - GENERAL NOTE
General note Ծանոթագր., էջ՝ 242-268:
504 ## - BIBLIOGRAPHY, ETC. NOTE
Bibliography, etc. note Գրականության ցանկ, էջ՝ 269-277:
650 #4 - SUBJECT ADDED ENTRY--TOPICAL TERM
Topical term or geographic name entry element Անգլիական դրամատուրգիա (Ողբերգություն)
Chronological subdivision 17-րդ դար
9 (RLIN) 8705
700 1# - ADDED ENTRY--PERSONAL NAME
Personal name Թոփչյան, Արամ
Relator term թարգմ.
Relationship trl
Relator term առաջաբ.
Relationship aui
Relator term ծանոթագր.
Relationship cmm
9 (RLIN) 3359
700 1# - ADDED ENTRY--PERSONAL NAME
Personal name Մուրադյան, Գոհար
Relator term խմբ.
Relationship edt
9 (RLIN) 8743
700 1# - ADDED ENTRY--PERSONAL NAME
Personal name Էդոյան, Հենրիկ Անտոնի,
Dates associated with a name 1940-
Relator term գրախոս
Relationship rev
9 (RLIN) 1519
942 ## - ADDED ENTRY ELEMENTS (KOHA)
Source of classification or shelving scheme Universal Decimal Classification
Koha item type Գրքեր / Books
Holdings
Withdrawn status Lost status Source of classification or shelving scheme Damaged status Not for loan Collection Home library Current library Date acquired Total checkouts Full call number Barcode Date last seen Price effective from Koha item type Public note
    Universal Decimal Classification     General Fundamental Scientific Library Fundamental Scientific Library 03/12/2020   AII/106373 FL0635122 03/12/2020 03/12/2020 Գրքեր / Books 30 Days Loan
    Universal Decimal Classification     General Fundamental Scientific Library Fundamental Scientific Library 03/12/2020   AII/106374 FL0635123 03/12/2020 03/12/2020 Գրքեր / Books 30 Days Loan
    Universal Decimal Classification     General Fundamental Scientific Library Fundamental Scientific Library 03/12/2020   AII/106375 FL0635124 03/12/2020 03/12/2020 Գրքեր / Books 30 Days Loan


ՀՀ ԳԱԱ հիմնարար գիտական գրադարան
ՀՀ,Երևան 0019
Մարշալ Բաղրամյան 24/6
հեռախոս:(374-10) 52-47-50
Հետադարձ կապ

All site content, except where otherwise noted, is licensed under a
Creative Commons License